Movies Quiz

Random Movies or Actress Quiz

Was THIS Actress in THAT Movie? Quiz Stats

 Plays Quiz Updated Aug 5, 2015

Challenge
Share
Tweet
Embed
Score 0/24 Timer 05:00
3 Plays Today
Actress (Y) or (N) % Correct
Marilyn Monroe???
92.8%
Angelina Jolie???
92.4%
Natalie Portman???
89.5%
Elizabeth Taylor???
89.1%
Nicole Kidman???
85.9%
Meryl Streep???
84.3%
Kate Winslet???
81%
Oprah Winfrey???
78.4%
Scarlett Johansson???
77.2%
Cate Blanchett???
77.1%
Uma Thurman???
76%
Katherine Heigl???
75.5%
Actress (Y) or (N) % Correct
Halle Berry???
74.1%
Julianne Moore???
72.9%
Dakota Fanning???
71.4%
Emma Stone???
70%
Sandra Bullock???
67.4%
Mia Farrow???
65.3%
Anne Hathaway???
63.5%
Julia Roberts???
63.4%
Audrey Hepburn???
61.5%
Hilary Swank???
61.3%
Jodie Foster???
58.2%
Jane Fonda???
42.2%

You're not logged in!

Compare scores with friends on all Sporcle quizzes.
Join for Free
OR
Log In

You Might Also Like...

Show Comments

Extras

Top Quizzes Today


Score Distribution

Your Account Isn't Verified!

In order to create a playlist on Sporcle, you need to verify the email address you used during registration. Go to your Sporcle Settings to finish the process.

Report this User

Report this user for behavior that violates our Community Guidelines.

Details: